000 00555nam a22001817a 4500
005 20251108163340.0
008 250721s1989 xx 000 0 ara d
082 1 4 _a210.4301412/محم
100 1 _aمنصور، منصور محمد
245 1 0 _aالمرأة في المنظور الإسلامي و التصور الوصغي /
264 1 _aالقاهرة :
_bمطبعة الأمانة،
_c1989.
300 _a312ص
650 1 7 _aالإسلام
650 1 7 _aالمرأة
650 1 7 _aالمرأة المسلمة
942 _2ddc
_cBK
999 _c432
_d432